[Event "Landesliga Sued 1819"]
[Site "Bayern"]
[Date "2019.02.03"]
[Round "6.4"]
[White "Egle, Martin"]
[Black "Taggatz, Mario"]
[Result "1-0"]
[WhiteElo "2104"]
[BlackElo "2167"]
[PlyCount "95"]
[EventDate "2018.10.21"]
[EventType "team-tourn"]
[EventRounds "9"]
[EventCountry "GER"]
[SourceTitle "EXT 2022"]
[Source "ChessBase"]
[SourceDate "2021.10.06"]
[SourceVersion "1"]
[SourceVersionDate "2021.10.06"]
[SourceQuality "1"]
[WhiteTeam "Freising SK"]
[BlackTeam "Groebenzell"]
[WhiteTeamCountry "GER"]
[BlackTeamCountry "GER"]

1. e4 c5 2. Nc3 e6 3. Nf3 Nc6 4. Bb5 Nd4 5. 0-0 a6 6. Bd3 Nc6 7. Re1 g5 8. Kh1 g4 9. Ng1 Ne5 10. Bf1 Bg7 11. b3 Ne7 12. f4 gxf3 13. gxf3 N7g6 14. Bb2 Qh4 15. Na4 b5 16. Nb6 Rb8 17. Nxc8 Rxc8 18. d4 cxd4 19. Bxd4 0-0 20. a4 bxa4 21. Bxa6 Rcd8 22. Rxa4 d5 23. Bb6 dxe4 24. Bxd8 Rxd8 25. Qe2 Nf4 26. Rxe4 f5 27. Rxf4 Qxf4 28. Bd3 Rd6 29. Rd1 Nc6 30. Qg2 Kf8 31. Ne2 Qe3 32. Rg1 Qh6 33. f4 Nd4 34. Qa8+ Ke7 35. Nxd4 Rxd4 36. Qg8 Bf6 37. Bc4 Rd6 38. Re1 Bc3 39. Re2 Bd4 40. b4 Bb6 41. Kg2 Bd4 42. h4 Qxf4 43. Rxe6+ Rxe6 44. Qxe6+ Kd8 45. Qg8+ Kc7 46. Qxh7+ Kd8 47. Qg8+ Kc7 48. Qg3 1-0

[Event "Oberliga Wuerttemberg 1617"]
[Site "Wuerttemberg"]
[Date "2017.03.19"]
[Round "9.3"]
[White "Egle, Martin"]
[Black "Pogan, Nikolas"]
[Result "0-1"]
[WhiteElo "2120"]
[BlackElo "2236"]
[PlyCount "110"]
[EventDate "2016.09.25"]
[EventType "team-tourn"]
[EventRounds "11"]
[EventCountry "GER"]
[SourceTitle "EXT 2019"]
[Source "ChessBase"]
[SourceDate "2018.10.10"]
[SourceVersion "1"]
[SourceVersionDate "2018.10.10"]
[SourceQuality "1"]
[WhiteTeam "Sontheim/Brenz"]
[BlackTeam "Heilbronn"]
[WhiteTeamCountry "GER"]
[BlackTeamCountry "GER"]

1. e4 d6 2. d4 Nf6 3. Nc3 e5 4. Nf3 Nbd7 5. Bc4 Be7 6. 0-0 0-0 7. a4 a5 8. h3 c6 9. Qe2 Qc7 10. dxe5 dxe5 11. b3 Nb6 12. Bd3 Nfd7 13. Ba3 Bxa3 14. Rxa3 Nc5 15. Qe3 Qe7 16. Raa1 f6 17. Rfd1 Be6 18. Bf1 Kh8 19. g3 Rae8 20. Ne2 Bf7 21. Nh4 Be6 22. Bg2 Rd8 23. Rxd8 Rxd8 24. Qc3 Ra8 25. Rd1 Ncd7 26. Qe3 Qc5 27. Qxc5 Nxc5 28. Nc3 Kg8 29. Kh2 Kf8 30. f4 Nbd7 31. f5 Bf7 32. Bf3 Ke7 33. Ng2 Nb6 34. Kg1 Nc8 35. Ne1 Nd6 36. Nd3 Na6 37. Kf2 Nb4 38. Rd2 b6 39. Ke2 Rd8 40. Nb2 g6 41. g4 g5 42. Ncd1 h5 43. Nf2 hxg4 44. hxg4 Rh8 45. Ke3 c5 46. Be2 Rh2 47. Nbd3 c4 48. Nxb4 axb4 49. bxc4 Rxf2 50. Kxf2 Nxe4+ 51. Ke3 Nxd2 52. c5 Nc4+ 53. Bxc4 Bxc4 54. cxb6 Kd6 55. a5 Ba6 0-1

[Event "Oberliga Wuerttemberg 1617"]
[Site "Wuerttemberg"]
[Date "2017.02.05"]
[Round "7.3"]
[White "Egle, Martin"]
[Black "Schmidt, Tobias"]
[Result "1/2-1/2"]
[WhiteElo "2120"]
[BlackElo "2194"]
[PlyCount "65"]
[EventDate "2016.09.25"]
[EventType "team-tourn"]
[EventRounds "11"]
[EventCountry "GER"]
[SourceTitle "EXT 2019"]
[Source "ChessBase"]
[SourceDate "2018.10.10"]
[SourceVersion "1"]
[SourceVersionDate "2018.10.10"]
[SourceQuality "1"]
[WhiteTeam "Sontheim/Brenz"]
[BlackTeam "Erdmannhausen"]
[WhiteTeamCountry "GER"]
[BlackTeamCountry "GER"]

1. e4 e6 2. d4 d5 3. Nc3 Bb4 4. e5 Ne7 5. a3 Bxc3+ 6. bxc3 b6 7. a4 Ba6 8. Bd3 c5 9. Nf3 Bxd3 10. cxd3 cxd4 11. cxd4 Nbc6 12. 0-0 0-0 13. Ba3 Qd7 14. Qd2 Rfc8 15. Qf4 Na5 16. h4 Ng6 17. Qg4 Nf8 18. h5 h6 19. Qf4 Nh7 20. Bb4 Rc2 21. Ne1 Rc7 22. Bxa5 bxa5 23. Qd2 Rb8 24. Qxa5 Rb3 25. Nf3 Rxd3 26. Rfb1 Ng5 27. Rb8+ Kh7 28. Nxg5+ hxg5 29. Qb4 Rdc3 30. Ra3 Rc1+ 31. Kh2 Qe7 32. Qxe7 Rxe7 33. a5 1/2-1/2

[Event "Oberliga Wuerttemberg 1617"]
[Site "Wuerttemberg"]
[Date "2016.10.30"]
[Round "3.3"]
[White "Egle, Martin"]
[Black "Petrova, Kristyna"]
[Result "0-1"]
[WhiteElo "2120"]
[BlackElo "2271"]
[PlyCount "100"]
[EventDate "2016.09.25"]
[EventType "team-tourn"]
[EventRounds "11"]
[EventCountry "GER"]
[SourceTitle "EXT 2019"]
[Source "ChessBase"]
[SourceDate "2018.10.10"]
[SourceVersion "1"]
[SourceVersionDate "2018.10.10"]
[SourceQuality "1"]
[WhiteTeam "Sontheim/Brenz"]
[BlackTeam "Schwaebisch Gmuend"]
[WhiteTeamCountry "GER"]
[BlackTeamCountry "GER"]

1. d4 Nf6 2. Nf3 g6 3. c4 Bg7 4. Nc3 d5 5. Bg5 Ne4 6. Bf4 Nxc3 7. bxc3 c5 8. e3 0-0 9. cxd5 Qxd5 10. Qb3 Qxb3 11. axb3 Nc6 12. Be2 Be6 13. Ra3 Rac8 14. 0-0 h6 15. h3 a6 16. Nd2 cxd4 17. exd4 Rfd8 18. Bf3 Bd5 19. Bg4 f5 20. Be2 e5 21. dxe5 Nxe5 22. c4 Bc6 23. b4 g5 24. Bxe5 Bxe5 25. Nf3 Bf6 26. Bd3 Be4 27. Be2 Kg7 28. Ra2 Rc7 29. Nd2 Bc6 30. Rc1 Re7 31. Bf3 Bxf3 32. Nxf3 g4 33. hxg4 fxg4 34. Nh2 h5 35. Nf1 Bg5 36. Ne3 Bxe3 37. fxe3 Rxe3 38. b5 axb5 39. cxb5 Rd7 40. Rac2 Kg6 41. Rc7 Red3 42. Kh2 h4 43. R1c4 Kf5 44. Rc8 R3d4 45. Rxd4 Rxd4 46. Rc7 b6 47. Rc6 Rd2 48. Rh6 h3 49. Kh1 Kf4 50. Rc6 Rd1+ 0-1

[Event "Oberliga Wuerttemberg 1617"]
[Site "Wuerttemberg"]
[Date "2016.10.16"]
[Round "2.3"]
[White "Quintero Ortega, Carlos"]
[Black "Egle, Martin"]
[Result "1/2-1/2"]
[WhiteElo "2189"]
[BlackElo "2120"]
[PlyCount "93"]
[EventDate "2016.09.25"]
[EventType "team-tourn"]
[EventRounds "11"]
[EventCountry "GER"]
[SourceTitle "EXT 2019"]
[Source "ChessBase"]
[SourceDate "2018.10.10"]
[SourceVersion "1"]
[SourceVersionDate "2018.10.10"]
[SourceQuality "1"]
[WhiteTeam "Jedesheim"]
[BlackTeam "Sontheim/Brenz"]
[WhiteTeamCountry "GER"]
[BlackTeamCountry "GER"]

1. c4 Nf6 2. g3 e6 3. Bg2 d5 4. Nf3 Be7 5. 0-0 0-0 6. b3 b6 7. Bb2 Bb7 8. d3 c5 9. e3 Nc6 10. a3 Qc7 11. Nc3 a6 12. cxd5 Nxd5 13. Nxd5 exd5 14. Rc1 Qd7 15. Rc2 Rfd8 16. Qa1 Bf8 17. Rfc1 Rac8 18. d4 Na5 19. Nd2 g6 20. Bc3 Nc6 21. Nf3 Re8 22. dxc5 bxc5 23. Rd2 Ne7 24. Ne5 Qe6 25. h3 h5 26. Bb2 Bh6 27. Rdc2 Nf5 28. Kh2 Bf8 29. Nd3 Qb6 30. Nf4 Rcd8 31. Bf6 Rd7 32. Bc3 d4 33. exd4 cxd4 34. Rd2 Bxg2 35. Nxg2 dxc3 36. Rxd7 Qxf2 37. Rxc3 Bd6 38. Rxd6 Nxd6 39. Qg1 Qxg1+ 40. Kxg1 Nb5 41. Rc6 Nxa3 42. Rxa6 Nc2 43. Rb6 Re2 44. Nf4 Rd2 45. b4 h4 46. gxh4 Rd4 47. Nxg6 1/2-1/2

[Event "Oberliga Wuerttemberg 1617"]
[Site "Wuerttemberg"]
[Date "2016.09.25"]
[Round "1.4"]
[White "Soural, Jan"]
[Black "Egle, Martin"]
[Result "1-0"]
[WhiteElo "2180"]
[BlackElo "2120"]
[PlyCount "97"]
[EventDate "2016.09.25"]
[EventType "team-tourn"]
[EventRounds "11"]
[EventCountry "GER"]
[SourceTitle "EXT 2019"]
[Source "ChessBase"]
[SourceDate "2018.10.10"]
[SourceVersion "1"]
[SourceVersionDate "2018.10.10"]
[SourceQuality "1"]
[WhiteTeam "Weiler im Allgaeu"]
[BlackTeam "Sontheim/Brenz"]
[WhiteTeamCountry "GER"]
[BlackTeamCountry "GER"]

1. d4 Nf6 2. c4 g6 3. Nc3 Bg7 4. e4 d6 5. Nf3 0-0 6. Be2 e5 7. 0-0 Na6 8. d5 Nc5 9. Qc2 a5 10. Bg5 h6 11. Be3 Nh5 12. g3 Bh3 13. Rfe1 Qe8 14. Nh4 Nf6 15. f3 Nfd7 16. Nd1 g5 17. Nf2 gxh4 18. g4 Bxg4 19. fxg4 Kh7 20. Rf1 Rg8 21. Nh3 Nf8 22. Rf5 Ng6 23. Raf1 Rf8 24. g5 Nf4 25. Nxf4 exf4 26. R1xf4 Qa4 27. b3 Qb4 28. Rxf7 Rxf7 29. Rxf7 Qe1+ 30. Rf1 Qc3 31. Qxc3 Bxc3 32. Rf7+ Kg6 33. Rxc7 hxg5 34. Bxc5 dxc5 35. Bg4 Kf6 36. a4 Ke5 37. Bf5 g4 38. Rg7 g3 39. hxg3 hxg3 40. Kg2 Be1 41. Re7+ Kf4 42. d6 Bc3 43. d7 Bf6 44. Re8 Ra6 45. e5 Bg5 46. Bh3 Rb6 47. e6 Rxb3 48. Rf8+ Ke4 49. d8Q 1-0

[Event "Schwarzach op 27th"]
[Site "Schwarzach"]
[Date "2012.08.18"]
[Round "1"]
[White "Egle, Martin"]
[Black "Palac, Mladen"]
[Result "0-1"]
[WhiteElo "2113"]
[BlackElo "2599"]
[PlyCount "44"]
[EventDate "2012.08.18"]
[EventType "swiss"]
[EventRounds "9"]
[EventCountry "AUT"]
[SourceTitle "CBM 150 Extra"]
[Source "ChessBase"]
[SourceDate "2012.10.19"]
[SourceVersion "1"]
[SourceVersionDate "2012.10.19"]
[SourceQuality "1"]

1. e4 c5 2. Nf3 Nc6 3. Bb5 e6 4. 0-0 Nge7 5. Re1 Nd4 6. Bf1 Nec6 7. c3 Nxf3+ 8. Qxf3 Be7 9. d3 0-0 10. Qe2 e5 11. Nd2 d6 12. a3 Be6 13. b4 b5 14. Nf3 a5 15. bxc5 dxc5 16. d4 Bc4 17. Qb2 cxd4 18. cxd4 exd4 19. Bxc4 bxc4 20. Qb5 Rc8 21. Qxc4 Nb4 22. Qxd4 Nc2 0-1

[Event "Schwarzach op 26th"]
[Site "Schwarzach"]
[Date "2011.08.26"]
[Round "7"]
[White "Egle, Martin"]
[Black "Legahn, Dirk"]
[Result "1-0"]
[WhiteElo "2095"]
[BlackElo "2150"]
[PlyCount "61"]
[EventDate "2011.08.20"]
[EventType "swiss"]
[EventRounds "9"]
[EventCountry "AUT"]
[SourceTitle "CBM 144 Extra"]
[Source "ChessBase"]
[SourceDate "2011.10.28"]
[SourceVersion "1"]
[SourceVersionDate "2011.10.28"]
[SourceQuality "1"]

1. e4 g6 2. d4 Bg7 3. Nc3 c6 4. Nf3 d5 5. h3 dxe4 6. Nxe4 Nd7 7. Bc4 Nh6 8. Qe2 0-0 9. Bg5 Nb6 10. Bb3 Nf5 11. 0-0-0 h6 12. Bf4 a5 13. a3 a4 14. Ba2 Nd5 15. Bh2 b6 16. Ne5 Bb7 17. g4 Nd6 18. Rhe1 Nxe4 19. Qxe4 Qc8 20. h4 b5 21. c3 e6 22. Qc2 c5 23. dxc5 Rd8 24. h5 gxh5 25. gxh5 Qxc5 26. Rg1 Nf6 27. Qe2 Rxd1+ 28. Kxd1 Rd8+ 29. Kc1 Rd4 30. Qe3 Rd5 31. Qxh6 1-0

[Event "Schwarzach op 26th"]
[Site "Schwarzach"]
[Date "2011.08.21"]
[Round "2"]
[White "Egle, Martin"]
[Black "Jens, Jelmer"]
[Result "0-1"]
[WhiteElo "2095"]
[BlackElo "2382"]
[PlyCount "70"]
[EventDate "2011.08.20"]
[EventType "swiss"]
[EventRounds "9"]
[EventCountry "AUT"]
[SourceTitle "CBM 144 Extra"]
[Source "ChessBase"]
[SourceDate "2011.10.28"]
[SourceVersion "1"]
[SourceVersionDate "2011.10.28"]
[SourceQuality "1"]

1. e4 c5 2. Nf3 d6 3. Bb5+ Nd7 4. 0-0 Ngf6 5. Re1 a6 6. Bf1 b5 7. a4 Bb7 8. d3 e5 9. Bg5 Be7 10. Nc3 b4 11. Ne2 Nh5 12. Bxe7 Qxe7 13. Nd2 0-0 14. Nc4 f5 15. Ng3 Nxg3 16. hxg3 Qf6 17. Qd2 Qg6 18. Na5 Bc8 19. c3 bxc3 20. bxc3 Nf6 21. exf5 Bxf5 22. Nc4 Rad8 23. Be2 Kh8 24. Ne3 d5 25. Nxf5 Qxf5 26. Bd1 d4 27. cxd4 Rxd4 28. Qe2 Re8 29. f3 Qg5 30. g4 h5 31. Bb3 hxg4 32. Qe3 Qh4 33. Kf1 Nh5 34. Ke2 gxf3+ 35. gxf3 Qh2+ 0-1

[Event "Schwarzach op-B"]
[Site "Schwarzach"]
[Date "2009.08.21"]
[Round "7"]
[White "Egle, Martin"]
[Black "Pruesse, Horst"]
[Result "1-0"]
[WhiteElo "2078"]
[BlackElo "2101"]
[PlyCount "63"]
[EventDate "2009.08.15"]
[EventType "swiss"]
[EventRounds "9"]
[EventCountry "AUT"]
[SourceTitle "CBM 132 Extra"]
[Source "ChessBase"]
[SourceDate "2009.11.03"]
[SourceVersion "1"]
[SourceVersionDate "2009.11.03"]
[SourceQuality "1"]

1. d4 Nf6 2. c4 e6 3. Nc3 Bb4 4. Qc2 c5 5. dxc5 Na6 6. a3 Bxc3+ 7. Qxc3 Nxc5 8. f3 a5 9. e4 a4 10. Be3 Nb3 11. Rd1 0-0 12. Ne2 b5 13. c5 Bb7 14. Nd4 Nxd4 15. Qxd4 Qa5+ 16. Kf2 e5 17. Qd2 Qa6 18. Qb4 Bc6 19. Be2 Ne8 20. Rhe1 Nc7 21. Kg1 Rae8 22. Qd2 Qc8 23. Bd3 Ne6 24. Bb1 Kh8 25. Qd6 Nc7 26. Qd2 Ne6 27. Qf2 Qd8 28. Qg3 Qf6 29. Rd6 g5 30. Bd2 Rg8 31. Bc3 Qf4 32. Bxe5+ 1-0

[Event "Schwarzach op-B"]
[Site "Schwarzach"]
[Date "2009.08.18"]
[Round "4"]
[White "Melde, Volker"]
[Black "Egle, Martin"]
[Result "0-1"]
[WhiteElo "1939"]
[BlackElo "2078"]
[PlyCount "80"]
[EventDate "2009.08.15"]
[EventType "swiss"]
[EventRounds "9"]
[EventCountry "AUT"]
[SourceTitle "CBM 132 Extra"]
[Source "ChessBase"]
[SourceDate "2009.11.03"]
[SourceVersion "1"]
[SourceVersionDate "2009.11.03"]
[SourceQuality "1"]

1. c4 c6 2. Nc3 d5 3. cxd5 cxd5 4. d4 Nf6 5. e3 a6 6. Be2 Nc6 7. a3 Bf5 8. g4 Bg6 9. h4 h5 10. g5 Ne4 11. Nh3 Bf5 12. Nf4 e6 13. Nxe4 Bxe4 14. Rg1 g6 15. Bd3 Bxd3 16. Nxd3 Qc7 17. f4 Bd6 18. Bd2 Qb6 19. Ke2 0-0 20. Qa4 Qb5 21. Qxb5 axb5 22. Rgc1 Ne7 23. Bb4 Nf5 24. Bxd6 Nxd6 25. Rc5 Rfc8 26. Rac1 Rxc5 27. Rxc5 Rc8 28. Rxc8+ Nxc8 29. Nc5 Nd6 30. Kd3 Kf8 31. b3 Ke7 32. a4 b6 33. Na6 bxa4 34. bxa4 Nf5 35. Nb4 Kd6 36. e4 Nxh4 37. exd5 exd5 38. Ke3 Nf5+ 39. Kd3 h4 40. Nc2 h3 0-1

[Event "Wuerttemberg-ch U18"]
[Site "Friedrichshafen"]
[Date "2005.03.30"]
[Round "4"]
[White "Egle, Martin"]
[Black "Buschle, Benedikt"]
[Result "0-1"]
[WhiteElo "2052"]
[BlackElo "1894"]
[PlyCount "70"]
[EventDate "2005.03.29"]
[EventType "swiss"]
[EventRounds "7"]
[EventCountry "GER"]
[SourceTitle "EXT 2007"]
[Source "ChessBase"]
[SourceDate "2006.11.23"]
[SourceVersion "1"]
[SourceVersionDate "2006.11.23"]
[SourceQuality "1"]

1. e4 c5 2. Nf3 d6 3. c4 e5 4. Be2 Ne7 5. b3 g6 6. Nc3 Bg7 7. a3 Nbc6 8. Rb1 0-0 9. 0-0 f5 10. exf5 Bxf5 11. d3 Bg4 12. h3 Be6 13. Ng5 Nd4 14. Nxe6 Nxe6 15. Bf3 Rb8 16. Bd5 Nxd5 17. Nxd5 Rf7 18. Qg4 Nd4 19. b4 cxb4 20. axb4 b5 21. Bg5 Qd7 22. Qxd7 Rxd7 23. Be3 e4 24. Bxd4 Bxd4 25. dxe4 bxc4 26. Rbc1 c3 27. Rfd1 Bg7 28. f3 Kf7 29. Rc2 Rdb7 30. Nxc3 Rc7 31. Rxd6 Bxc3 32. Kf1 Rxb4 33. Ra6 Rbc4 34. Ke2 Bd4 35. Rca2 Bb6 0-1

[Event "Wuerttemberg-ch U16"]
[Site "Lindau"]
[Date "2002.04.03"]
[Round "2"]
[White "Buschle, Benedikt"]
[Black "Egle, Martin"]
[Result "1/2-1/2"]
[WhiteElo "1799"]
[BlackElo "1525"]
[PlyCount "47"]
[EventDate "2002.04.??"]
[EventType "swiss"]
[EventRounds "7"]
[EventCountry "GER"]
[SourceTitle "EXT 2003"]
[Source "ChessBase"]
[SourceDate "2002.11.25"]
[SourceVersion "1"]
[SourceVersionDate "2002.11.25"]
[SourceQuality "1"]

1. e4 c5 2. Nf3 Nc6 3. d4 cxd4 4. Nxd4 g6 5. Nc3 Bg7 6. Be3 Nf6 7. Bc4 Qa5 8. f3 Qb4 9. Nxc6 bxc6 10. Bb3 0-0 11. 0-0 Ba6 12. Re1 Qb7 13. Qd2 d6 14. Rad1 Nd7 15. Bh6 Qb6+ 16. Kh1 Ne5 17. Bxg7 Kxg7 18. Ne2 Kg8 19. Ng3 Nc4 20. Qc3 Qa5 21. Qd4 c5 22. Qc3 Qxc3 23. bxc3 Rab8 24. Nf1 1/2-1/2

[Event "Wuerttemberg-ch U16"]
[Site "Lindau"]
[Date "2002.04.03"]
[Round "3"]
[White "Egle, Martin"]
[Black "Narr, Kevin"]
[Result "1/2-1/2"]
[WhiteElo "1525"]
[BlackElo "1613"]
[PlyCount "60"]
[EventDate "2002.04.??"]
[EventType "swiss"]
[EventRounds "7"]
[EventCountry "GER"]
[SourceTitle "EXT 2003"]
[Source "ChessBase"]
[SourceDate "2002.11.25"]
[SourceVersion "1"]
[SourceVersionDate "2002.11.25"]
[SourceQuality "1"]

1. e4 c5 2. c3 Nf6 3. e5 Nd5 4. Nf3 e6 5. Be2 b6 6. 0-0 Bb7 7. d4 cxd4 8. cxd4 Qc7 9. Bd2 d6 10. Nc3 Nxc3 11. Bxc3 Nd7 12. Rc1 Rc8 13. Re1 Be7 14. h3 0-0 15. exd6 Bxd6 16. Bd3 Nf6 17. Ne5 Qe7 18. Qe2 Rfd8 19. a3 Nd7 20. Nc4 Qg5 21. Qg4 Qxg4 22. hxg4 Bf4 23. Rcd1 Nf6 24. f3 Nd5 25. Bd2 Ba6 26. Nxb6 Bxd3 27. Nxd5 Bg3 28. Ne7+ Kf8 29. Nxc8 Bxe1 30. Bxe1 Bc2 1/2-1/2